000 00468nam a2200181 a 4500
001 1762347390793
003 ACL
005 20251105182810.0
008 251105s2018##################000#0#eng##
020 _a9781680947717
082 0 4 _a658.3124
_bMRA
100 1 _a3G E-learning LLC, USA,
_eauthor.
245 1 0 _aTheory, Practice and Techniques in Training & Development :
260 _c2018.
300 _a315 pages
942 _cENGLISH
040 _aACL
_beng
_cACL
999 _c595929
_d595929